MDQL
is popping MORE tags! Check the
thread
!
Quizzes
Events
Quiz Creation
Community
Videos
Private Events
Remove Ads
Sign In
Join for FREE
Feedback
Dark Mode
Quiz Categories
Sports
Geography
Music
Movies
Television
Just For Fun
Miscellaneous
History
Literature
Language
Science
Gaming
Entertainment
Religion
Holiday
For Kids
Quiz Lab
Recent
Popular Today
Quiz Kudos Today
Editor Picks
Curator Picks
Quizzes by...
Day
Popularity
Type
Ratings
Length
Year
Community
Subscriptions
Recent Discussions
Orange Saloon
Badges
Playlists
Quests
Create
Leaderboards
Showdown
Live 5
Trivia Bingo
Activity
Puzzle Library
Sporcle Events
Private Events
Virtual Trivia
Globe League
Become a Host
Pub Owners
SporcleCon
Opinionation
Our Games
Videos
Blog
Mobile Apps
Partnerships
Remove Ads and Go Orange
Feedback
Movies
Disney
Marvel Cinematic Universe
Movie Resume
Movie Titles
Oscar
Actor
Actress
Director
Pixar
Role
Movie Quotes
Movie Characters
Box Office
Nominee
Best Picture
Star Wars
James Bond
Horror Movies
Movies
Disney
Marvel Cinematic Universe
Movie Resume
Movie Titles
Oscar
Actor
Actress
Director
Pixar
Role
Movie Quotes
Movie Characters
Box Office
Nominee
Best Picture
Star Wars
James Bond
Horror Movies
Random Quiz
Search Sporcle
×
Quiz Lab
Quiz Lab
Movies
College
Type in answers that appear in a list
Type in answers that appear in a list
Classic
Best Score? Go Orange.
WORST LIST EVER: College Humor's Best Comedy Movies Stats
Can you name the Best Comedy Movies of all time as selected by a College Humor poll?
By
rockgolf
12m
100 Questions
931 Plays
931 Plays
931 Plays
Comments
Comments
Give Quiz Kudos
Give Quiz Kudos
-
- Ratings
hide this ad
More Info
Replay
Link that replays current quiz
Next Quiz
Link to next quiz in quiz playlist
You Got
0%
They Got
Avg Score
41%
Avg Friend Score
Upgrade to see
Score Distribution
Jump to the score distribution portion of the page
Score
0/100
Timer
12:00
0
Plays Today
Rank
Film Title
% Correct
7
Happy Gilmore
81.8%
2
The Hangover
77.4%
12
Austin Powers: International Man of Mystery
77.2%
43
American Pie
74.2%
4
Superbad
72.9%
32
Billy Madison
72.8%
3
Anchorman
72.3%
68
Jackass: The Movie
71.8%
5
The 40-Year-Old Virgin
67.7%
31
Knocked Up
66.6%
22
Ace Ventura: Pet Detective
66.2%
29
Animal House
65.8%
21
Wedding Crashers
62.2%
28
Caddyshack
60.8%
48
Borat
60.5%
8
Old School
60.4%
14
Airplane!
60%
15
Ghostbusters
59.8%
24
Ferris Bueller's Day Off
59.4%
17
South Park: Bigger, Longer & Uncut
57.1%
35
The Naked Gun
57%
16
Zoolander
56.9%
99
American Pie 2
56.6%
50
Clerks
56.1%
58
The Mask
55%
13
Wayne's World
54.6%
75
Home Alone
54.5%
51
Blazing Saddles
54.2%
19
Dumb and Dumber
52.6%
6
Shaun Of The Dead
52.6%
56
Meet the Parents
52.1%
53
Big Daddy
51.5%
65
Napoleon Dynamite
51%
42
Groundhog Day
50.1%
Rank
Film Title
% Correct
9
Dodgeball
49.9%
46
Tommy Boy
49.5%
18
The Big Lebowski
49.5%
49
Liar Liar
47.7%
87
Beverly Hills Cop
47%
23
Hot Fuzz
46.8%
40
Forgetting Sarah Marshall
45.8%
39
The Waterboy
45.8%
27
Step Brothers
45.2%
92
The Jerk
44.7%
70
Young Frankenstein
44.7%
1
Monty Python and the Holy Grail
44.4%
11
Spaceballs
42.9%
81
Scary Movie
42.3%
41
The Blues Brothers
41.9%
33
Harold & Kumar Go to White Castle
41.7%
59
Jay and Silent Bob Strike Back
41.1%
34
Talladega Nights
39.7%
10
Office Space
39.7%
26
Pineapple Express
39.5%
76
Rush Hour
39.1%
57
The Simpsons Movie
38%
47
Ace Ventura: When Nature Calls
38%
55
There's Something About Mary
37.3%
90
Little Miss Sunshine
36.8%
25
Austin Powers: The Spy Who Shagged Me
36.8%
77
The Naked Gun 2 1/2
36.1%
80
Dogma
35.4%
54
Men In Black
35.1%
86
Dude, Where's My Car?
34.9%
37
Team America: World Police
34%
100
The Wedding Singer
33.5%
52
Wayne's World 2
33.2%
38
Robin Hood: Men in Tights
31.8%
Rank
Film Title
% Correct
78
Van Wilder
31.5%
69
Bill and Ted's Excellent Adventure
31.5%
20
Super Troopers
31.3%
94
Coming to America
30.3%
79
Blades of Glory
30.2%
44
I Love You, Man
30.1%
82
Half Baked
28.5%
83
Christmas Vacation
28.4%
93
Black Sheep
26.9%
95
Mr. Deeds
26.4%
84
Road Trip
26.1%
72
History of the World: Part I
22.7%
30
Tropic Thunder
22.6%
64
Get Him to the Greek
22.1%
91
Scott Pilgrim vs. the World
21.8%
62
Beerfest
21.7%
96
Dazed and Confused
21.2%
36
Role Models
20.1%
85
Me, Myself and Irene
19.2%
45
Monty Python's Life of Brian
18.6%
88
Waiting
18.2%
73
Planes, Trains & Automobiles
17.4%
67
Kick-Ass
17.1%
61
The Other Guys
17%
98
Revenge of the Nerds
16.5%
66
Euro Trip
13.9%
63
Zack and Miri Make a Porno
12.1%
71
Hot Tub Time Machine
11.7%
89
Clerks II
10%
74
Accepted
9.8%
97
Jackass: Number Two
5.8%
60
Ghostbusters II
4.8%
Quiz Playlist
Details
Report
Send in Message
Add To Playlist
More Info:
Let me be blunt: This is a terrible list. It has a couple of great comedies, but most are just terrible. Feel free to disagree in the comments.
Classic:
Type in answers that appear in a list
Quiz Source
Last Updated: Dec 28, 2018
Quiz Scoreboard
CHALLENGE
Sign Up to Join the Scoreboard
Show All
Scores
Hide
Comments
May contain spoilers
Recently Published
Image Sorting: Flags VI
by Barbecue
Geography
2m
Find the 'City' Movie
by crazypaving
Movies
60s
Colored Red Africa Blitz
by spor1
Geography
45s
More to Explore
Quiz From the Vault
Featured Blog Post
14 Easter Pick-up Lines to Find Eggs With
hide this ad
You Might Also Like...
Tags
College Quiz
Humor Quiz
Comedy
Either
Ever
poll
Selected
sense
Worst
Today's Top Quizzes in Movies
Browse Movies
hide this ad
Today's Top Quizzes in College
Browse College
Top Contributed Quizzes in Movies
1
Find The 'Big' Movie
2
Find The 'Wild' Movie
3
Find The 'Blue' Movie
4
Movies By Plot
5
Hidden Star Wars Character II
6
Pick 5 Posters: Directed by Spielberg
7
The ultimate James Bond movie quiz
8
Hidden Star Wars Character III
9
Hidden Star Wars Character IV
10
25 Best Actor Nominees (1990s)
Explore More
Trending Topics
NBA
Disney
Harry Potter
Crossword
Kpop
Anime
Marvel
Pokémon
WWE
NFL
Song
Puzzle
The Office
Country
Soccer
hide this ad
More By:
rockgolf
Quiz
Plays
Rating
Category
Featured
Created
The Beatles or Rebecca Black?
1,630,201
3.11
Music
May 3, 2011
Harry Potter Safe Cracker
996,468
4.43
Literature
Dec 3, 2010
Progressively Tougher World Capitals
989,659
4.60
Geography
Feb 28, 2010
Big 4 Sports Logos by Letter
902,408
4.10
Sports
Jan 23, 2010
Figure Out the Lyrics III
534,494
4.36
Music
Dec 14, 2009
Go to Creator's Profile
Score Distribution
Quiz Creator Spotlight
rockgolf
Follow
Send a Message
Quizzes Created
-
Created Quiz Play Count
-
More By This Creator
Popular Quizzes Today
1
Colored Red Africa Blitz
2
Find the US States - No Outlines Minefield
3
Find the 'City' Movie
4
5x2 Blitz: Bands
5
The Countries of the World
6
Find the US States
7
Find the Countries of Europe - No Outlines Minefield
8
US States
More Movies Quizzes
The Prisoner of Azkaban: A Wizarding Film Scrapbook
Curator's Pick
Trending Quizzes
Colored Red Europe Blitz I
Colored Red Europe Blitz II
Colored Red Africa Blitz II
Colored Red Europe Blitz III
Colored Red Africa Blitz III
Recently Updated
How Do You Spell That?
pecheneg
Godzilla Movies
pecheneg
Grab Bag: 4-10 Letters
pecheneg
2024 March Madness Bracket
pecheneg
Famous TV Couples
Peacemaker
Champions League XIs: Real Madrid
pecheneg
Largest US Cities 1790-2010
pecheneg
Rides in Walt Disney World
pecheneg
Most Oscar Losses (Acting)
pecheneg
Beyoncé Albums
pecheneg
Trending Topics
NBA
Anime
Crossword
Kpop
Disney
Harry Potter
Marvel
Pokémon
Country
WWE
The Office
Puzzle
Song
NFL
Soccer
Your Account Isn't Verified!
In order to create a playlist on Sporcle, you need to verify the email address you used during registration. Go to your
Sporcle Settings
to finish the process.
Report this User
Report this user for behavior that violates our
Community Guidelines
.
Details:
Send Report
Go to the Sporcle.com Mobile Site →
Comments